000 00270nam a22001217a 4500
008 180125b xxu||||| |||| 00| 0 eng d
041 _aeng
080 _a616.12-008-073
100 _a7
101 _akar
245 _athen organ systems
_cbard.s.m
942 _2udc
_cBK
999 _c40887
_d40887